LEADER 00978nas a2200265 i 4500 001 000000185354 003 CaOOAMICUS 005 20101214000000.0 008 100201b2010 ne uu u0 0eng r 013 $a163356 040 $aSeMil$bita 245 10$a2010. 260 $aLeiden ; Boston :$bBrill,$ccopyr. 2010. 300 $a529 p. ;$c24 cm. 500 $aArticoli con sintesi [Abstract] in inglese in testa. 773 0 $tBiblical Interpretation.$dLeiden : E. J. Brill, 1993.$x0927-2569$w()1983 774 0 $t[SENZA TITOLO].$w()272408 774 0 $t[SENZA TITOLO].$w()272806 774 0 $t[SENZA TITOLO].$w()273377 774 0 $tJesus in Cultural Complexity. - Titolo dalla copertina.$w()274310 850 $aSeMil 852 $aSeMil$W1$xVenegono$y1$m106 6 18$j136045$B136045$CSeMilBibl$Z2$F157511 $85 961 $aAbbonamento: Brill 996 $6245$a2010$9(OLS)http://semarc/title/264584 996 $6260$aLeiden ; Boston :$bBrill$9(OLS)http://semarc/publisher/39473 LEADER 01524nam a2200241 i 4500 001 000000102067 003 CaOOAMICUS 005 20161108000000.0 008 161108s2004 it u000 u ita u 013 $a74219 040 $aSeMil$bita 100 1 $aBergonzoni, Franco.$0(OLS)http://semarc/name/43800 245 13$aUn Chiostro per la Musica :$bstoria e attualitą del Conservatorio "G. B. Martini" di Bologna. Dal 1804 al 2004 : la cronaca e la storia, le classi e gli ordinamenti, la biblioteca e la musicologia, i concerti e le opere, la tradizione e la riforma, gli avvenimenti e... /$ca cura di Piero Mioli ; premessa di Carmine Carrisi ; testi di : Franco Bergonzoni ... [et al.]. 260 $aArgelato :$bMinerva,$ccopyr. 2004. 300 $a110 p. :$bill. ;$c28 cm. 650 4$aBologna - Conservatorio di musica.$0(OLS)http://semarc/subject/18057 700 1 $aCarrisi, Carmine.$0(OLS)http://semarc/name/43802 700 1 $aMioli, Piero.$0(OLS)http://semarc/name/43801 850 $aSeMil 852 $aSeMil$W1$xVenegono$y1$m3Q V 3$j58664$B58664$CSeMilBibl$Z2$F69578 $81 961 $aOmaggio: Colombo don Alberto 996 $6245$aUn Chiostro per la Musica :$bstoria e attualitą del Conservatorio "G. B. Martini" di Bologna. Dal 1804 al 2004 : la cronaca e la storia, le classi e gli ordinamenti, la biblioteca e la musicologia, i concerti e le opere, la tradizione e la riforma, gli avvenimenti e...$9(OLS)http://semarc/title/148790 996 $6260$aArgelato :$bMinerva$9(OLS)http://semarc/publisher/44663